| 000 | 00520nam a2200217Ia 4500 | ||
|---|---|---|---|
| 003 | 0100 | ||
| 008 | 130303s9999 xx 000 0 und d | ||
| 020 | _a0465052231 | ||
| 040 | _cARRUPELIB | ||
| 050 | _aJC571.O5 1993 | ||
| 245 | _aOn human rights | ||
| 245 | _bthe Oxford amnesty lectures 1993 | ||
| 260 | _aNew York | ||
| 260 | _bBasic Books | ||
| 260 | _C1993 | ||
| 300 | _a262p. | ||
| 300 | _b 22cm. | ||
| 650 | _bCromwell, Oliver | ||
| 700 | _aShute, Stephen; Hurley, Susan (eds.) | ||
| 942 |
_2lcc _01 |
||
| 999 |
_c65322 _d65322 |
||